MARC details
| 000 -CABECERA |
| campo de control de longitud fija |
02139nam a2200373 i 4500 |
| 001 - NÚMERO DE CONTROL |
| campo de control |
000048274 |
| 003 - IDENTIFICADOR DEL NÚMERO DE CONTROL |
| campo de control |
DO-SdBNP |
| 005 - FECHA Y HORA DE LA ÚLTIMA TRANSACCIÓN |
| campo de control |
20250904103433.0 |
| 007 - CAMPO FIJO DE DESCRIPCIÓN FÍSICA--INFORMACIÓN GENERAL |
| campo de control de longitud fija |
ta |
| 008 - DATOS DE LONGITUD FIJA--INFORMACIÓN GENERAL |
| campo de control de longitud fija |
081201s2004 dr 001 0 spa d |
| 020 ## - NÚMERO INTERNACIONAL ESTÁNDAR DEL LIBRO |
| Número Internacional Estándar del Libro |
9993477443 |
| 040 ## - FUENTE DE LA CATALOGACIÓN |
| Centro catalogador/agencia de origen |
DO-SdBNP |
| Lengua de catalogación |
spa |
| Centro/agencia transcriptor |
BNPHU |
| Normas de descripción |
rda |
| 041 ## - CÓDIGO DE LENGUA |
| Código de lengua del texto/banda sonora o título independiente |
spa |
| 082 #4 - NÚMERO DE LA CLASIFICACIÓN DECIMAL DEWEY |
| Número de clasificación |
972.9304 |
| Número de documento/Ítem |
R696g 2004 |
| Número de edición |
22 |
| 100 1# - ENTRADA PRINCIPAL--NOMBRE DE PERSONA |
| Nombre de persona |
Rodríguez Objío, Manuel, |
| Fechas asociadas al nombre |
1838-1871. |
| 9 (RLIN) |
887 |
| Término indicativo de función/relación |
autor |
| Código de función/relación |
aut. |
| 245 10 - MENCIÓN DE TÍTULO |
| Título |
Gregorio Luperón e historia de la Restauración / |
| Mención de responsabilidad, etc. |
Manuel Rodríguez Objío ; presentación, Porfirio García Fernández ; corrección, Marina Aybar Gómez y Frank Peña. |
| 250 ## - MENCIÓN DE EDICIÓN |
| Mención de edición |
Segunda edición |
| 264 #4 - PRODUCCIÓN, PUBLICACIÓN, DISTRIBUCIÓN, FABRICACIÓN Y COPYRIGHT |
| Producción, publicación, distribución, fabricación y copyright |
Santo Domingo : |
| Nombre del de productor, editor, distribuidor, fabricante |
Universitaria - UASD, |
| Fecha de producción, publicación, distribución, fabricación o copyright |
©2004. |
| 300 ## - DESCRIPCIÓN FÍSICA |
| Extensión |
2 volumen ; |
| Dimensiones |
21 cm. |
| 336 ## - TIPO DE CONTENIDO |
| Término de tipo de contenido |
texto |
| Código de tipo de contenido |
txt |
| Fuente |
rdacontent |
| 337 ## - TIPO DE MEDIO |
| Nombre/término del tipo de medio |
sin mediación |
| Código del tipo de medio |
nc |
| Fuente |
rdamedia |
| 338 ## - TIPO DE SOPORTE |
| Nombre/término del tipo de soporte |
volumen |
| Código del tipo de soporte |
nc |
| Fuente |
rdacarrier |
| 490 ## - MENCIÓN DE SERIE |
| Mención de serie |
Universidad Autónoma de Santo Domingo |
| Designación de volumen o secuencia |
1149 |
| 490 ## - MENCIÓN DE SERIE |
| Mención de serie |
Cultura dominicana |
| Designación de volumen o secuencia |
106 |
| 500 ## - NOTA GENERAL |
| Nota general |
La biblioteca posee el volumen 2. |
| 505 2# - NOTA DE CONTENIDO CON FORMATO |
| Nota de contenido con formato |
v.2-- |
| Información miscelánea |
Segunda época -- |
| Título |
Presentación -- |
| -- |
Manuel Rodríguez Objío precursor de la historia nacional -- |
| Información miscelánea |
Capítulo tercero. |
| Título |
Relaciones con Haití -- |
| Información miscelánea |
Capítulo cuarto. |
| Título |
El Triunvirato en Santo Domingo: su renuncia -- |
| Información miscelánea |
Capítulo quinto. |
| Título |
El Partido Nacional en el poder -- |
| Información miscelánea |
Capítulo sexto. |
| Título |
Los baecistas derrocan a Cabral -- |
| Información miscelánea |
Tercera época. |
| -- |
Capítulo primero. |
| Título |
Contrarrevolución de los proscritos -- |
| Información miscelánea |
Capítulo segundo. |
| Título |
Luperón dirige el movimiento nacionalista -- |
| Información miscelánea |
Capítulo tercero. |
| Título |
Proyectos, intrigas y desavenencias -- |
| Información miscelánea |
Capítulo cuarto. |
| Título |
Actividades de la causa nacional -- |
| Información miscelánea |
Capítulo quinto. |
| Título |
Odisea y complicaciones del "Telégrafo" -- |
| Información miscelánea |
Capítulo sexto. |
| Título |
Agitaciones contra la anexión a los Estados Unidos -- |
| -- |
Post scriptum. |
| 590 ## - NOTA LOCAL (RLIN) |
| Nota local |
Inventariado, 2019/LP |
| 600 14 - PUNTO DE ACCESO ADICIONAL DE MATERIA--NOMBRE DE PERSONA |
| Nombre de persona |
Luperón, Gregorio, |
| Fechas asociadas al nombre |
1839-1897 |
| 9 (RLIN) |
888 |
| 651 #0 - PUNTO DE ACCESO ADICIONAL DE MATERIA--NOMBRE GEOGRÁFICO |
| Nombre geográfico |
REPÚBLICA DOMINICANA |
| Subdivisión general |
HISTORIA |
| Subdivisión cronológica |
RESTAURACIÓN 1863-1865 |
| 9 (RLIN) |
896 |
| 700 1# - PUNTO DE ACCESO ADICIONAL--NOMBRE DE PERSONA |
| Nombre de persona |
García Fernández, Porfirio, |
| Término indicativo de función/relación |
presentador |
| 9 (RLIN) |
17488 |
| Código de función/relación |
present. |
| 700 1# - PUNTO DE ACCESO ADICIONAL--NOMBRE DE PERSONA |
| Nombre de persona |
Aybar Gómez, Marina, |
| Término indicativo de función/relación |
corrector |
| 9 (RLIN) |
72321 |
| Código de función/relación |
co. |
| 700 1# - PUNTO DE ACCESO ADICIONAL--NOMBRE DE PERSONA |
| Nombre de persona |
Peña, Frank, |
| Término indicativo de función/relación |
corrector |
| 9 (RLIN) |
75707 |
| Código de función/relación |
co. |
| 942 ## - ELEMENTOS DE PUNTO DE ACCESO ADICIONAL (KOHA) |
| Fuente del sistema de clasificación o colocación |
Dewey Decimal Classification |
| Tipo de ítem Koha |
Libro |